|
|
|
|
| LEADER |
00000nam a2200000 a 4500 |
| 001 |
vtls001262027 |
| 003 |
SK-MaSNL |
| 005 |
20260301234521.0 |
| 008 |
240315suuuu xx 0 und |
| 035 |
|
|
|a SNK000212910
|
| 040 |
|
|
|a SNK
|b slo
|c SNK
|e AACR2
|
| 100 |
1 |
|
|a Cicero, Marcus Tullius,
|d 106 pred Kr.-43 pred Kr
|4 aut
|9 53145
|
| 245 |
1 |
|
|a O nejvyšším dobru a zlu
|b Knihy patery
|
| 260 |
|
|
|a Praha
|b Nakladatelství J. Otty
|c b. r.
|
| 300 |
|
|
|a 194 s.
|
| 999 |
|
|
|c 970360
|d 972290
|
| 952 |
|
|
|t P60, <04>, [BOOK], {604}
|a SNK
|b SNK
|y VYP
|7 0
|p 17A0011189
|o snkIC 37891
|0 0
|1 0
|4 0
|d 1996-09-25
|l 0
|r 2005-01-01 00:00:00
|w 2026-02-24
|